Music Quiz

Random Music or Song Quiz

Opposites in Song Titles Quiz Stats

Quiz Updated Nov 22, 2015

Challenge
Share
Tweet
Embed
Score 0/36 Timer 06:00
2 Plays Today
Song #1 Antonyms % Correct
___ Comes the SunHere There
97.7%
___, Dolly!Hello Goodbye
90.2%
___ Shook UpAll Nothing
88.9%
___ Bottomed GirlsFat Slim
88.8%
Band on the ___Run Walk
88.6%
___ on My MindAlways Never
86.7%
Bad Moon ___Rising Falling
84%
___ We Can CanYes No
79.7%
21st Century Schizoid ___Man Woman
74.2%
Heat ___ OnIs Isn't
74.1%
Paid in ___Full Empty
73.3%
(Just Like) Starting ___Over Under
70.6%
___ in the U.S.A.Born Died
67.1%
It's the ___ Old SongSame Different
65.4%
___ He CheatsBefore After
64.5%
___ in the MorningEarly Late
61.6%
Careless ___Whisper Yell
59.4%
Wouldn't It Be ___Nice Mean
59.2%
Song #1 Antonyms % Correct
The ___ Takes it AllWinner Loser
58.4%
___ Got BackBaby Adult
57%
___ HurtsEverybody Nobody
56.8%
MacArthur ___Park Drive
53.2%
Eminence ___Front Back
52.7%
Eight Miles ___High Low
52%
___ CarFast Slow
46.7%
Blueberry ___Hill Valley
44.4%
Bloody Well ___Right Wrong
43.5%
I Want You (She's So ___)Heavy Light
38.6%
___ Day SunshineGood Evil
38.6%
Crush ___ EyelinerWith Without
38.2%
___ Before the StormCalm Nervous
38%
___ in LoveLost Found
37.3%
I Only ___ Eyes for YouHave Need
35.1%
___ GirlRich Poor
32.1%
Life in a ___ TownNorthern Southern
24.5%
___ It with YouMake Destroy
22.7%

You're not logged in!

Compare scores with friends on all Sporcle quizzes.
Join for Free
OR
Log In

You Might Also Like...

Show Comments

Extras

Top Quizzes Today


Score Distribution

Your Account Isn't Verified!

In order to create a playlist on Sporcle, you need to verify the email address you used during registration. Go to your Sporcle Settings to finish the process.

Report this User

Report this user for behavior that violates our Community Guidelines.

Details: